|
|
|
|
| LEADER |
00000nab a2200000 a 4500 |
| 001 |
vtls000897376 |
| 003 |
SK-MaSNL |
| 005 |
20260302174629.0 |
| 008 |
040720e19980504xo 0 slo |
| 035 |
|
|
|a KE6399
|
| 040 |
|
|
|a KEVKJB
|b slo
|c KEVKJB
|e AACR2
|
| 041 |
0 |
|
|a slo
|
| 044 |
|
|
|a xo
|c SK
|
| 080 |
|
|
|a 7.097
|2 1981
|
| 100 |
1 |
|
|a Bercik, Peter,
|d 1965-
|4 aut
|9 29675
|
| 245 |
1 |
0 |
|a Podľa Marcela Dekanovského je televízia jedna veľka papuľa, ktorá všetky peniaze zožerie
|b Pre VSŽ vyrábajú zatiaľ "na sekeru"
|
| 300 |
|
|
|b 1 foto
|
| 610 |
2 |
7 |
|a TV Naša (Košice, Slovensko)
|2 KEVKJB
|9 879428
|
| 650 |
0 |
7 |
|a televízia regionálna
|2 KEVKJB
|9 880018
|
| 650 |
0 |
7 |
|a oslavy
|2 KEVKJB
|9 484766
|
| 650 |
0 |
7 |
|a založenie
|2 KEVKJB
|9 431500
|
| 650 |
0 |
7 |
|a rozhovory
|2 KEVKJB
|9 453585
|
| 651 |
|
7 |
|a Košice (Slovensko)
|2 KEVKJB
|9 18694
|
| 651 |
|
7 |
|a KE,
|2 KEVKJB
|9 877256
|
| 651 |
|
7 |
|a KE,
|2 KEVKJB
|9 877256
|
| 655 |
|
7 |
|a periodikum
|2 snkbucl
|9 29553
|
| 700 |
1 |
0 |
|a Dekanovský, Marcel
|4 aut
|9 878671
|
| 710 |
2 |
|
|a TV NAŠA, Košice
|4 aut
|9 879430
|
| 773 |
0 |
8 |
|t Korzár
|g Roč. 1, č.68, 4.5.1998, s. 3
|
| 852 |
|
|
|a ZVYKNI
|b KIS3GCP
|
| 999 |
|
|
|c 1404621
|d 1406551
|